000 00695nam a2200241Ia 4500
005 20181212142944.0
008 131103s9999 xx 000 0 und d
020 _a9789332519053
_cRs.999.00
040 _aLoreto College
041 _aEnglish
082 _a519.5
_bMIL
100 _aMiller, Irwin
245 _aJohn E.Freund's mathematical statistics with applications
_cIrwin Miller and Marylees Miller
250 _a8th ed.
260 _aNoida
_bPearson India Education
_c2018
300 _a472 p.
_b24 cm.
504 _aIncludes index
650 _aStatistics-Mathematics
651 _aMathematical statistics
700 _aMiller,Marylees
_4Auth
850 _aLCLIB
942 _cBK
999 _c41874
_d92353